|
|
|
|
| LEADER |
00849pam a22002658a 4500 |
| 001 |
00030908 |
| 005 |
20171026081025.0 |
| 008 |
130816s2005 ||||||Viesd |
| 020 |
|
|
|c 120000
|
| 041 |
0 |
# |
|a Vie
|
| 082 |
1 |
4 |
|a 809
|b PH561L
|
| 100 |
1 |
# |
|a Phương, Lựu
|
| 245 |
1 |
0 |
|a Phương Lựu tuyển tập
|c Phương Lựu
|n Tập 2
|p Lí luận văn học hiện đại phương tây
|
| 260 |
# |
# |
|a Hà Nội
|b Giáo Dục
|c 2005
|
| 300 |
# |
# |
|a 564 tr.
|c 24 cm.
|
| 653 |
# |
# |
|a Lý luận
|
| 653 |
# |
# |
|a Nghiên cứu văn học
|
| 653 |
# |
# |
|a Văn học Phương tây
|
| 653 |
# |
# |
|a Văn học thế giới
|
| 852 |
# |
# |
|b Kho đọc
|j KD.0014811
|
| 852 |
# |
# |
|j KD.0014811
|
| 910 |
|
|
|d 8/2013
|
| 980 |
# |
# |
|a Trung tâm Học liệu Lê Vũ Hùng, Trường Đại học Đồng Tháp
|